MARC details
| 000 -CABECERA |
| campo de control de longitud fija |
01428cam a2200265 i 4500 |
| 001 - NÚMERO DE CONTROL |
| campo de control |
000013254 |
| 005 - FECHA Y HORA DE LA ÚLTIMA TRANSACCIÓN |
| campo de control |
20200929163157.0 |
| 008 - DATOS DE LONGITUD FIJA--INFORMACIÓN GENERAL |
| campo de control de longitud fija |
780309s1975 cr b f000 0 spa |
| 010 ## - NÚMERO DE CONTROL DE LA BIBLIOTECA DEL CONGRESO |
| Número de control de LC |
78339507 |
| 040 ## - FUENTE DE LA CATALOGACIÓN |
| Centro catalogador/agencia de origen |
DO-SdBNP |
| Centro/agencia transcriptor |
DLC |
| Centro/agencia modificador |
DLC |
| 043 ## - CÓDIGO DE ÁREA GEOGRÁFICA |
| Código de área geográfica |
nc----- |
| 050 00 - SIGNATURA TOPOGRÁFICA DE LA BIBLIOTECA DEL CONGRESO |
| Número de clasificación |
HG5172 |
| Número de documento/Ítem |
.I5 1975 |
| 245 03 - MENCIÓN DE TÍTULO |
| Título |
La Inversion extranjera en Centroamerica / |
| Mención de responsabilidad, etc. |
[Susana Bodenheimer ... et al.] ; seleccion, prologo y notas de Rafael Menjivar. |
| 250 ## - MENCIÓN DE EDICIÓN |
| Mención de edición |
2. ed. |
| 260 ## - PUBLICACIÓN, DISTRIBUCIÓN, ETC. |
| Lugar de publicación, distribución, etc. |
Ciudad Universitaria Rodrigo Facio, Costa Rica : |
| Nombre del editor, distribuidor, etc. |
Editorial Universitaria Centroamericana, |
| Fecha de publicación, distribución, etc. |
1975. |
| 300 ## - DESCRIPCIÓN FÍSICA |
| Extensión |
362 p. : |
| Otras características físicas |
17 cm. |
| 490 0# - MENCIÓN DE SERIE |
| Mención de serie |
Coleccion Integracion |
| 504 ## - NOTA DE BIBLIOGRAFÍA, ETC. |
| Nota de bibliografía, etc. |
Includes bibliographical references. |
| 505 0# - NOTA DE CONTENIDO CON FORMATO |
| Nota de contenido con formato |
Bodenheimer, S. Jonas. El Mercomun y la ayuda norteamericana.--Bauer Paiz, A. El proceso de integracion economica centroamericana y el papel del capital norteamericano.--Tobis, D. La falacia de las inversiones norteamericanas en Centroamerica.--Torres-Rivas, E. Poder nacional y sociedad dependiente.--Gorostiaga, X. La inversion extranjera en Panama y su impacto en la estructura economica del pais.--Quintana Diaz, V. La inversion extranjera de algunas corporaciones transnacionales. |
| 650 #0 - PUNTO DE ACCESO ADICIONAL DE MATERIA--TÉRMINO DE MATERIA |
| Término de materia o nombre geográfico como elemento de entrada |
Investments, foreign |
| Subdivisión geográfica |
Central America. |
| 9 (RLIN) |
30445 |
| 610 20 - PUNTO DE ACCESO ADICIONAL DE MATERIA--NOMBRE DE ENTIDAD CORPORATIVA |
| Nombre de entidad corporativa o nombre de jurisdicción como elemento de entrada |
Mercado Comun Centroamericano. |
| 9 (RLIN) |
30446 |
| 700 1# - PUNTO DE ACCESO ADICIONAL--NOMBRE DE PERSONA |
| Nombre de persona |
Jonas, Susanne, |
| Fechas asociadas al nombre |
1941- |
| 9 (RLIN) |
30447 |
| 700 1# - PUNTO DE ACCESO ADICIONAL--NOMBRE DE PERSONA |
| Nombre de persona |
Menjivar, Rafael. |
| 9 (RLIN) |
30448 |
| 910 ## - DATOS DE OPCIÓN DEL USUARIO (OCLC) |
| Datos de opción del usuario |
Catalogación por copia / LC |